Municipios de Quintana Roo - con mapa - Estadísticas

Estadísticas generales
  • Esta prueba ha sido intentada 292 veces
  • La puntuación promedio es 7 de 11
Respuestas en el mapa
Las respuestas están codificadas por una escala verde-roja en el mapa de la prueba según el % correcto abajo.
 
Estadísticas de respuestas
Respuesta % Correcto
Cozumel
87%
Solidaridad
74%
Tulum
72%
Isla Mujeres
70%
Benito Juárez
69%
Bacalar
65%
Felipe Carrillo Puerto
65%
Othón P. Blanco
63%
José María Morelos
56%
Lázaro Cárdenas
54%
Puerto Morelos
54%
No se encontraron pruebas coincidentes
Distribución de puntuación
Porcentaje de gente con cada puntuación
Porcentaje por número respondido
Historial de tus puntuaciones
No has intentado esta prueba.